Countries with less than 100km of Coastline - Statistics

General Stats
  • This quiz has been taken 1,401 times
  • The average score is 8 of 14
Answer Stats
Hint Answer % Correct
4km Monaco
92%
20km Bosnia & Herzegovena
82%
80km Gambia
70%
30km Nauru
69%
47km Slovenia
63%
56km Togo
61%
24km Tuvalu
56%
37km Democratic Republic of the Congo
54%
67km Belgium
50%
26km Jordan
48%
97km Barbados
42%
58km Iraq
41%
90km Lithuania
41%
84km Saint Vincent and the Grenadines
39%
No matching quizzes found
Score Distribution
Percent of People with Each Score
Percentile by Number Answered
Your Score History
You have not taken this quiz